| 000 | 00393nam a2200157Ia 4500 | ||
|---|---|---|---|
| 008 | 210210b1996 xxu||||| |||| 00| 0 eng d | ||
| 020 | _a81 250 0799 7 | ||
| 082 | _a823.8 BROW | ||
| 100 | _aBRONTE (Emily). | ||
| 245 | _aWuthering heights | ||
| 260 |
_aHyderabad _bOrient Longman _c1996 |
||
| 300 | _avi,301 | ||
| 650 | _aWuthering Heights | ||
| 690 | _aEnglish Fiction | ||
| 906 | _aSG03683 | ||
| 999 |
_c114678 _d114678 |
||